000 01079nam0a22002651 4500
001 rc\3004534
005 20250806200800.0
035 _a(NLR Aleph) 007147488
090 _a2793
_c2793
100 _a20110921d1945 u y0rusy50 ca
101 0 _arus
102 _aRU
105 _ay z |||||
200 1 _aУказания о дополнительной оплате труда колхозников в животноводстве по Кабардинской АССР
_e[Сборник материалов Совнаркома СССР и ЦК ВКП(б)]
210 _aНальчик
_cКабгосиздат
_d1945
_gтип. им. Революции 1905 г.
215 _a24 с.
_d14 см
710 0 1 _aСССР
_bСовет Народных Комиссаров
_3RU\NLR\AUTH\8810020782
712 0 2 _aВКП(б)
_bЦК
_3RU\NLR\AUTH\8810033047
_4570
801 0 _aRU
_bNLR
_gpsbo
801 1 _aRU
_bELAR
_2rusmarc
852 _aNLR
_jЭк50 Г-2/392
942 _cBOOK
945 _aРоссийская национальная библиотека
980 _aNB
980 _aBV